Vývoj a současný stav managerského myšlení a jednání

Uložené v:
Podrobná bibliografia
Hlavný autor: Vodáček, Leo
Médium: Kniha
Jazyk:Czech
Vydavateľské údaje: Ostrava Hutnický inst. VÚHŽ 1991
Vydanie:1. vyd.
Tagy: Pridať tag
Žiadne tagy, Buďte prvý, kto otaguje tento záznam!

MARC

LEADER 00000nam a2200000 4500
001 c022431
005 20221214095249.1
041 0 |a cze 
044 |a CZ 
245 1 0 |a Vývoj a současný stav managerského myšlení a jednání  |c Leo Vodáček 
250 |a 1. vyd. 
264 1 |a Ostrava  |b Hutnický inst. VÚHŽ  |c 1991 
300 |a 36 s. 
100 1 |a Vodáček, Leo